| 000 | 00445nam a2200193Ia 4500 | ||
|---|---|---|---|
| 008 | 170918s9999 xx 000 0 und d | ||
| 020 | _a9780545545693 | ||
| 050 | _bM123 2010 | ||
| 100 | _aMcCarthy, Peter | ||
| 245 | _aHenry in love / | ||
| 245 | _cPeter McCarthy. | ||
| 260 | _aNew York : | ||
| 260 | _bScholastic, | ||
| 260 | _c2010 | ||
| 300 | _aunpaged : | ||
| 300 | _bcolored illustration ; | ||
| 300 | _c23cm. | ||
| 500 | _a380 | ||
| 999 |
_c341184 _d341184 |
||